Online
Catalog

La mujer dominicana : (Record no. 46255)

MARC details
000 -CABECERA
campo de control de longitud fija 01285nam a2200349 a 4500
001 - NÚMERO DE CONTROL
campo de control 000046766
005 - FECHA Y HORA DE LA ÚLTIMA TRANSACCIÓN
campo de control 20240313073820.0
008 - DATOS DE LONGITUD FIJA--INFORMACIÓN GENERAL
campo de control de longitud fija 110224s2015 dr a 000 0 spa d
020 ## - NÚMERO INTERNACIONAL ESTÁNDAR DEL LIBRO
Número Internacional Estándar del Libro 9789945590265
040 ## - FUENTE DE LA CATALOGACIÓN
Centro catalogador/agencia de origen DO-SdBNP
Lengua de catalogación spa
Centro/agencia transcriptor BNPHU
082 ## - NÚMERO DE LA CLASIFICACIÓN DECIMAL DEWEY
Número de clasificación xxx
Número de documento/Ítem xxx
245 00 - MENCIÓN DE TÍTULO
Título La mujer dominicana :
Resto del título una visión integral /
Mención de responsabilidad, etc. dilenia Medina...[et al.] ; presentación Nathanael Concepción.
260 ## - PUBLICACIÓN, DISTRIBUCIÓN, ETC.
Lugar de publicación, distribución, etc. Santo Domingo :
Nombre del editor, distribuidor, etc. FUNGLODE,
Fecha de publicación, distribución, etc. 2015.
300 ## - DESCRIPCIÓN FÍSICA
Extensión 127 P. ; :
Otras características físicas il. ;
Dimensiones 23 cm.
500 ## - NOTA GENERAL
Nota general Feminicidios, empoderamiento político, servicio doméstico, mortalidad materna, cuota femenina y objetivos del milenio.
504 ## - NOTA DE BIBLIOGRAFÍA, ETC.
Nota de bibliografía, etc. Incluye referencias
500 ## - NOTA GENERAL
Nota general Incluye notas a pie de páginas
590 ## - NOTA LOCAL (RLIN)
Nota local Inventariado, 2018/ YL
700 12 - PUNTO DE ACCESO ADICIONAL--NOMBRE DE PERSONA
Nombre de persona Medina, Dilenia
9 (RLIN) 72772
700 12 - PUNTO DE ACCESO ADICIONAL--NOMBRE DE PERSONA
Nombre de persona Betances, Diuris
9 (RLIN) 74687
700 12 - PUNTO DE ACCESO ADICIONAL--NOMBRE DE PERSONA
Nombre de persona Artiles, Leopoldo
9 (RLIN) 17960
700 12 - PUNTO DE ACCESO ADICIONAL--NOMBRE DE PERSONA
Nombre de persona Mateo, Víctor
9 (RLIN) 74729
700 12 - PUNTO DE ACCESO ADICIONAL--NOMBRE DE PERSONA
Nombre de persona Pérez Rubiera, Omar
9 (RLIN) 74730
700 12 - PUNTO DE ACCESO ADICIONAL--NOMBRE DE PERSONA
Nombre de persona Montero, Juan
9 (RLIN) 74731
700 12 - PUNTO DE ACCESO ADICIONAL--NOMBRE DE PERSONA
Nombre de persona Disla, Natanael
9 (RLIN) 74732
700 12 - PUNTO DE ACCESO ADICIONAL--NOMBRE DE PERSONA
Nombre de persona Vargas, Fanny
9 (RLIN) 74733
700 12 - PUNTO DE ACCESO ADICIONAL--NOMBRE DE PERSONA
Nombre de persona Roa Chalas, Greidys
9 (RLIN) 74734
700 12 - PUNTO DE ACCESO ADICIONAL--NOMBRE DE PERSONA
Nombre de persona Taveras, Karina
9 (RLIN) 74735
700 12 - PUNTO DE ACCESO ADICIONAL--NOMBRE DE PERSONA
Nombre de persona Ferreras, Ruth
9 (RLIN) 74736
710 2# - PUNTO DE ACCESO ADICIONAL--NOMBRE DE ENTIDAD CORPORATIVA
Nombre de entidad corporativa o nombre de jurisdicción como elemento de entrada Fundación Global Democracía y Desarrollo
9 (RLIN) 25477
700 12 - PUNTO DE ACCESO ADICIONAL--NOMBRE DE PERSONA
Nombre de persona Concepción, Nathanael
Término indicativo de función/relación pres.
9 (RLIN) 71341
Holdings
Estado de retiro Estado de pérdida No para préstamo Código de colección Localización permanente Ubicación/localización actual Ubicación en estantería Fecha de adquisición Número de inventario Total de préstamos Signatura topográfica completa Código de barras Fecha visto por última vez Número de copia Precio válido a partir de Tipo de ítem Koha
    Excluido de préstamo Dominicana de Servicio General General En catalogación 22.03.2018 LF1   xxx xxx 46766-30 25.06.2020 e. 3 25.06.2020 Libro y Folleto Colección Dominicana de Servicio
    Excluido de préstamo Patrimonio Dominicano Patrimonio Dominicano Patrimonio Dominicano En catalogación 22.03.2018 LF1   xxx xxx 46766-10 25.06.2020   25.06.2020 Libro y Folleto Colección Patrimonio Dominicano
    Excluido de préstamo Patrimonio Dominicano Patrimonio Dominicano Patrimonio Dominicano En catalogación 22.03.2018 LF1   xxx xxx 46766-20 25.06.2020 e. 2 25.06.2020 Libro y Folleto Colección Patrimonio Dominicano

Powered by Koha